Study of flora in krang serey community forest site at kirivon commune phnom sruch district kampong speu, សិក្សាពីសារព័ន្ធរុក្ខជាតិនៅតំបន់សហគមន៍ព្រៃឈើ ក្រាំងសិរី ឃុំគិរីវ័ណ្ណ ស្រុកភ្នំស្រួច ខេត្តកំពង់ស្ពឺ (Record no. 3426)
[ view plain ]
| 000 -LEADER | |
|---|---|
| fixed length control field | 00756nam a22001577a 4500 |
| 003 - CONTROL NUMBER IDENTIFIER | |
| control field | OSt |
| 005 - DATE AND TIME OF LATEST TRANSACTION | |
| control field | 20151114141022.0 |
| 008 - FIXED-LENGTH DATA ELEMENTS--GENERAL INFORMATION | |
| fixed length control field | 151114b xxu||||| |||| 00| 0 eng d |
| 040 ## - CATALOGING SOURCE | |
| Transcribing agency | RUA |
| 082 ## - DEWEY DECIMAL CLASSIFICATION NUMBER | |
| Classification number | FOR NOR 2013 B142 Or.1 |
| 100 ## - MAIN ENTRY--PERSONAL NAME | |
| 9 (RLIN) | 3678 |
| Personal name | NORN, NA VIN. |
| 245 ## - TITLE STATEMENT | |
| Title | Study of flora in krang serey community forest site at kirivon commune phnom sruch district kampong speu, សិក្សាពីសារព័ន្ធរុក្ខជាតិនៅតំបន់សហគមន៍ព្រៃឈើ ក្រាំងសិរី ឃុំគិរីវ័ណ្ណ ស្រុកភ្នំស្រួច ខេត្តកំពង់ស្ពឺ |
| 260 ## - PUBLICATION, DISTRIBUTION, ETC. (IMPRINT) | |
| Place of publication, distribution, etc. | Phnom Penh |
| Name of publisher, distributor, etc. | RUA |
| Date of publication, distribution, etc. | 2013 |
| 300 ## - PHYSICAL DESCRIPTION | |
| Extent | x; 49cm. |
| Other physical details | ill. |
| Dimensions | 29cm. |
| 942 ## - ADDED ENTRY ELEMENTS (KOHA) | |
| Source of classification or shelving scheme | |
| Koha item type | FOR |
| Price effective from | Date last seen | Permanent Location | Not for loan | Date acquired | Source of classification or shelving scheme | Koha item type | Lost status | Withdrawn status | Date last checked out | Total Checkouts | Shelving location | Damaged status | Barcode | Current Location | Full call number |
|---|---|---|---|---|---|---|---|---|---|---|---|---|---|---|---|
| 2015-11-14 | 2015-11-14 | Library Block B | 2015-11-14 | FOR | B142 | RUA027109 | Library Block B | FOR NOR 2013 B142 Or.1 | |||||||
| 2015-11-14 | 2023-06-14 | Library Block B | 2015-11-14 | FOR | 2023-05-17 | 1 | B142 | RUA027192 | Library Block B | FOR NOR 2013 B142 Or.2 | |||||
| 2015-11-14 | 2023-02-07 | Library Block B | 2015-11-14 | FOR | 2023-01-13 | 1 | B142 | RUA027253 | Library Block B | FOR NOR 2013 B142 Or.3 | |||||
| 2015-11-14 | 2015-11-14 | Library Block B | 2015-11-14 | FOR | B142 | RUA027203 | Library Block B | FOR NOR 2013 B142 Or.5 | |||||||
| 2015-11-14 | 2015-11-14 | Library Block B | 2015-11-14 | FOR | B142 | RUA027275 | Library Block B | FOR NOR 2013 B142 Or.6 | |||||||
| 2015-11-14 | 2015-11-14 | Library Block B | 2015-11-14 | FOR | B142 | RUA027469 | Library Block B | FOR NOR 2013 B142 Or.7 | |||||||
| 2015-11-14 | 2015-11-14 | Library Block B | 2015-11-14 | FOR | B142 | RUA027011 | Library Block B | FOR NOR 2013 B142 Or.8 | |||||||
| 2015-11-14 | 2025-12-04 | Library Block B | 2015-11-14 | FOR | 2025-10-30 | 8 | B142 | RUA027181 | Library Block D | FOR NOR 2013 B142 Or.4 |